Alle Gemeinden Österreichs, die mit "Deutsch" beginnen - Statistiken

Allgemein
  • Dieses Quiz wurde 43 mal gespielt
  • Das Durchschnittsergebnis liegt bei 4 aus 9
Antwortstatistiken
Einw. BL. Gemeinde % Korrekt
11.676 ST Deutschlandsberg
94%
9.126 Deutsch-Wagram
74%
4.452 ST Deutschfeistritz
53%
854 KT Deutsch-Griffen
38%
1.752 BG Deutsch Kaltenbrunn
35%
3.160 BG Deutschkreutz
35%
1.777 ST Deutsch Goritz
29%
656 BG Deutsch Jahrndorf
29%
1.079 BG Deutsch Schützen-Eisenberg
26%
Keine übereinstimmenden Quizze gefunden
Verteilung der Resultate
Anzahl Personen mit jedem Resultat
Perzentil nach korrekt beantworteten Fragen
Ihre Resultats-Entwicklung
Sie haben dieses Quiz noch nicht gespielt